000 00606nam a2200205 a 4500
005 20140310183505.0
008 100812s19uu xx 00 eng d
020 _a9780826438836
050 _aLC 4818
_b.Sm59 2010
100 _aSmythe, Ian
245 _aDyslexia in the digital age :
_bmaking it work /
_cIan Smythe.
260 _aLondon :
_bContinuum International Publishing Group,
_c2010.
300 _a202 p. :
_c25 cm.
521 _aEDU
650 _aDyslexics
_xEducation.
650 _aEducational technology.
650 _aInternet in education.
942 _cBK
_2lcc
_kFOR
999 _c24018
_d24018